000 00286nam a22001337a 4500
008 170215b xxu||||| |||| 00| 0 eng d
020 _a0683045067
041 _aeng
080 _a61
100 _a4
101 _aSHM
245 _aMEDICAL CONSULTATION
_cKAMMERER, W.S
942 _2udc
_cBK
999 _c5575
_d5575